MARC details
| 000 -LEADER |
| fixed length control field |
01077cab a2200193 4500 |
| 001 - CONTROL NUMBER |
| control field |
ABS38255 |
| 008 - FIXED-LENGTH DATA ELEMENTS--GENERAL INFORMATION |
| fixed length control field |
090401t xxu||||| |||| 00| 0 eng d |
| 035 ## - SYSTEM CONTROL NUMBER |
| System control number |
(Sirsi) u9572 |
| 041 ## - LANGUAGE CODE |
| Language code of text/sound track or separate title |
eng |
| 245 ## - TITLE STATEMENT |
| Title |
Roofing |
| 260 ## - PUBLICATION, DISTRIBUTION, ETC. |
| Date of publication, distribution, etc. |
Supplement 16 October 1987(24) LOAN |
| 350 ## - PRICE (NR) (BK AM CF MU VM SE) [OBSOLETE] |
| Price |
0 |
| 490 ## - SERIES STATEMENT |
| Series statement |
Building |
| Volume/sequential designation |
Supplement 16 October 1987(24) LOAN |
| 520 ## - SUMMARY, ETC. |
| Summary, etc. |
Building supplement on roofing which begins by describing the use of thatch on a housing scheme in Milton Keynes . Continues with a review of the restoration of timber roofs in historic buildings , illustrating with examples. Notes the revival of the market for clay tiling and assesses the durability of glue laminated timber roofs. Includes a pictorial review of the winning entries in the Redland Pitched Roof Awards. Briefly reviews the history of the use of copper and stainless steel in roofs and traces the progress made in flat roofing design. Concludes with case studies and a products review. Photos. |
| 650 ## - SUBJECT ADDED ENTRY--TOPICAL TERM |
| Topical term or geographic name entry element |
GLULAM |
| 690 ## - LOCAL SUBJECT ADDED ENTRY--TOPICAL TERM (OCLC, RLIN) |
| Topical term or geographic name as entry element |
BUILT ENVIRONMENT-BUILDING MATERIALS |
| 942 ## - ADDED ENTRY ELEMENTS (KOHA) |
| Suppress in OPAC |
0 |
| 948 ## - LOCAL PROCESSING INFORMATION (OCLC); SERIES PART DESIGNATOR (RLIN) |
| c (OCLC) |
04/03/1997 |